A snake's body / (Record no. 8531)

MARC details
000 -LEADER
fixed length control field 01176pam a2200385 a 4500
001 - CONTROL NUMBER
control field 8531
003 - CONTROL NUMBER IDENTIFIER
control field FISKH
005 - DATE AND TIME OF LATEST TRANSACTION
control field 20250918102709.0
008 - FIXED-LENGTH DATA ELEMENTS--GENERAL INFORMATION
fixed length control field 810505s1981 nyua j 000 0 eng
010 ## - LIBRARY OF CONGRESS CONTROL NUMBER
LC control number 81009443
020 ## - INTERNATIONAL STANDARD BOOK NUMBER
International Standard Book Number 0688007023
020 ## - INTERNATIONAL STANDARD BOOK NUMBER
International Standard Book Number 0688007031
Qualifying information lib. bdg.
020 ## - INTERNATIONAL STANDARD BOOK NUMBER
International Standard Book Number 9780688007027
020 ## - INTERNATIONAL STANDARD BOOK NUMBER
International Standard Book Number 9780688007034
Qualifying information (lib. bdg.)
035 ## - SYSTEM CONTROL NUMBER
System control number 4205909
040 ## - CATALOGING SOURCE
Original cataloging agency DLC
Transcribing agency DLC
Modifying agency DLC
050 00 - LIBRARY OF CONGRESS CALL NUMBER
Classification number QL666.O63
Item number C64
082 00 - DEWEY DECIMAL CLASSIFICATION NUMBER
Classification number 597.95/044
Edition number 19
100 1# - MAIN ENTRY--PERSONAL NAME
Personal name Cole, Joanna.
245 12 - TITLE STATEMENT
Title A snake's body /
Statement of responsibility, etc. Joanna Cole ; photographs by Jerome Wexler.
260 ## - PUBLICATION, DISTRIBUTION, ETC.
Place of publication, distribution, etc. New York :
Name of publisher, distributor, etc. Morrow,
Date of publication, distribution, etc. 1981.
300 ## - PHYSICAL DESCRIPTION
Extent 48 pages :
Other physical details color illustrations ;
Dimensions 23 cm
505 ## - FORMATTED CONTENTS NOTE
Formatted contents note R<br/>
520 ## - SUMMARY, ETC.
Summary, etc. Examines the unique anatomical features of an Indian python that enable it and other snakes to survive without legs.
521 8# - TARGET AUDIENCE NOTE
Target audience note 670<br/>
Source Lexile<br/>
521 8# - TARGET AUDIENCE NOTE
Target audience note R<br/>
Source Raz-Plus<br/>
650 #0 - SUBJECT ADDED ENTRY--TOPICAL TERM
Topical term or geographic name entry element Indian python
General subdivision Juvenile literature.
650 #0 - SUBJECT ADDED ENTRY--TOPICAL TERM
Topical term or geographic name entry element Snakes
General subdivision Juvenile literature.
650 #1 - SUBJECT ADDED ENTRY--TOPICAL TERM
Topical term or geographic name entry element Snakes.
650 #1 - SUBJECT ADDED ENTRY--TOPICAL TERM
Topical term or geographic name entry element Pythons.
700 1# - ADDED ENTRY--PERSONAL NAME
Personal name Wexler, Jerome.
Relator term illustrator
906 ## - LOCAL DATA ELEMENT F, LDF (RLIN)
a 7
b cbc
c orignew
d 1
e ocip
f 19
g y-gencatlg
942 ## - ADDED ENTRY ELEMENTS (KOHA)
Source of classification or shelving scheme Dewey Decimal Classification
Koha item type Books
Suppress in OPAC No
Holdings
Withdrawn status Lost status Source of classification or shelving scheme Damaged status Not for loan Collection Home library Current library Shelving location Date acquired Total Checkouts Full call number Barcode Date last seen Copy number Price effective from Koha item type
    Dewey Decimal Classification     Non-Fiction Footprints International School Library Network Toul Tom Poung Campus Footprints International School Library Network Toul Tom Poung Campus TTP Primary Orange Bookshelves 09/18/2025   COL 597.95 QL666.O63 C64 2025-4421 09/18/2025 1 09/18/2025 Books